000 004740000a22001930004500
003 LK-CoMWRAF
005 20231029210839.0
008 230817t ||||| |||| 00| 0 eng d
020 _a0385319940
040 _aLK-CoMWRAF
_dLK-CoMWRAF
_eLK-CoMWRAF
041 _aeng
082 _a823
_bKAS
100 _aKassindja, Fauziya
245 _aDo they hear you when you cry
260 _aNew York :
_bDell,
_c1998
300 _a528p
650 _aEnglish Fiction
942 _cBK
999 _c1107
_d1107